Sports Quiz

Random Sports or MLB Quiz

MLB 100+ Stolen Bases in the 2000's Quiz Stats

Quiz not verified by Sporcle

Challenge
Share
Tweet
Embed
Score 0/57 Timer 10:00
0 Plays Today
Steals Player % Correct
219Derek Jeter
90.2%
301Jose Reyes
89.6%
362Carl Crawford
88.4%
459Juan Pierre
87.6%
179Alex Rodriguez
84.7%
326Jimmy Rollins
80.5%
341Ichiro Suzuki
79.1%
129Jacob Ellsbury
76.7%
164Hanley Ramirez
75.9%
264Johnny Damon
71.7%
256Carlos Beltran
70.1%
257Alfonso Soriano
69.9%
276Luis Castillo
68.7%
119David Wright
68.5%
173Eric Young
67.3%
256Brian Roberts
67.1%
232Dave Roberts
67.1%
280Chone Figgins
66.7%
266Scott Podsednik
66.5%
123B.J. Upton
65.1%
153Torii Hunter
61.6%
121Michael Bourn
58.8%
188Orlando Cabrera
58.6%
130Grady Sizemore
57.8%
147Vladimir Guerrero
57.6%
295Bobby Abreu
57.4%
271Rafael Furcal
57.2%
111Carlos Lee
56.4%
189Kenny Lofton
53.6%
Steals Player % Correct
109Shane Victorino
52.4%
194Willy Taveras
48%
115David Eckstein
45.8%
109Brandon Phillips
44.8%
161Edgar Renteria
44.6%
208Mike Cameron
42%
151Omar Vizquel
41.2%
112Preston Wilson
39.2%
122Alex Sanchez
37.5%
117Alex Rios
36.3%
115Felipe Lopez
29.9%
112Christian Guzman
29.3%
169Tony Womack
28.9%
137Coco Crisp
28.5%
122Ray Durham
26.5%
106Jason Kendall
26.3%
128Eric Byrnes
25.7%
174Randy Winn
25.5%
101Kaz Matsui
24.3%
120Darin Erstad
21.9%
155Adam Kennedy
21.5%
184Corey Patterson
17.9%
110Reggie Sanders
17.7%
124Roger Cedeno
16.1%
193Julio Lugo
15.7%
143Ryan Freel
15.5%
117Tom Goodwin
11.2%
111Matt Lawton
7.4%

You're not logged in!

Compare scores with friends on all Sporcle quizzes.
Sign Up with Email
OR
Log In

You Might Also Like...

Show Comments

Extras

Top Quizzes Today


Score Distribution

Your Account Isn't Verified!

In order to create a playlist on Sporcle, you need to verify the email address you used during registration. Go to your Sporcle Settings to finish the process.

Report this User

Report this user for behavior that violates our Community Guidelines.

Details: